000 01089nam a22002411a 4500
003 AM-YEHGA
001 1643235
005 20250617164811.0
008 190905s1962 ru d|||fr||||u000|0|rus||
040 _aAM-YeHGA
041 0 _arus
100 1 _aБойцов, Василий Васильевич
245 1 0 _aМеханизация и автоматизация в мелкосерийном производстве /
_cВ. В. Бойцов, д-р техн. наук. проф.
260 _aМосква :
_bМашгиз,
_c1962.
300 _a436 с. :
_bил. ;
_c22 см.
500 _aНа переплете авт. не указан.
500 _aИзд. 2-е, переработ. и доп.: Механизация и автоматизация в мелкосерийном и серийном производствах.
504 _aБиблиогр.: с. 425-432 (179 назв.).
650 1 4 _aМашиностроение
_xМеханизация.
650 1 4 _aМашиностроение
_xАвтоматизация.
942 _2udc
_cBK
090 _c568200
999 _c529715
_d529715